|
|
|
|
| LEADER |
00000cas a2200000 a 4500 |
| 001 |
vtls009141037 |
| 003 |
SK-MaSNL |
| 005 |
20260228160312.0 |
| 008 |
070917d20072008xo zr|p r 0 b0slo |
| 022 |
|
|
|a 1337-5938
|
| 035 |
|
|
|a (SVKBB)vtls000272722
|
| 040 |
|
|
|a SVKBB
|b slo
|c SVKBB
|d SAVUK
|d SNK
|e AACR2
|
| 041 |
0 |
|
|a slo
|
| 044 |
|
|
|a xo
|c SK
|
| 072 |
|
7 |
|a 336.7
|x Financie
|2 konspekt
|
| 080 |
|
|
|a 336
|2 2011
|
| 080 |
|
|
|a 050
|2 2001
|
| 080 |
|
|
|a 336.7:659.23
|2 2011
|
| 080 |
|
|
|a (051)-027.561
|2 2011
|
| 210 |
0 |
|
|a Finanč. sprostredkovateľ porad. praxi
|
| 222 |
|
0 |
|a Finančný sprostredkovateľ a poradca v praxi
|
| 245 |
0 |
0 |
|a Finančný sprostredkovateľ a poradca v praxi
|b odborný mesačník pre oblasť finančných služieb
|
| 260 |
|
|
|a Bratislava
|b Iura edition
|c 2007-2008
|
| 300 |
|
|
|a 2 zv.
|c 30 cm
|
| 310 |
|
|
|a 9x ročne
|b 2008
|
| 321 |
|
|
|a 4x ročne
|b 2007
|
| 362 |
0 |
|
|a Č. 1 (2007)-č. 9 (2008)
|
| 500 |
|
|
|a Registračné č.: MK SR 3822/2007
|
| 500 |
|
|
|a Šéfred.: 2007-2008, Klára Glosíková
|
| 515 |
|
|
|a Niektoré čísla vychádzajú ako dvojčíslo
|
| 650 |
0 |
7 |
|a financie
|2 SNKPH
|9 2205
|
| 650 |
0 |
7 |
|a finančné poradenstvo
|2 SNKPH
|9 57383
|
| 655 |
|
7 |
|a odborné časopisy
|2 SNKPH
|9 70505
|
| 700 |
1 |
|
|a Glosíková, Klára
|4 pbd
|9 265624
|
| 852 |
|
|
|a Štátna vedecká knižnica v Banskej Bystrici
|
| 910 |
|
|
|a savuk
|
| 910 |
|
|
|a snk
|
| 999 |
|
|
|c 2099
|d 4029
|
| 952 |
|
|
|0 0
|1 0
|4 0
|7 0
|8 0
|a SNK
|b SNK
|d 2019-04-02
|i snk2019/9218
|l 0
|o snkČSB 7024/2007
|p 17A1366271
|r 2026-02-21 21:58:50
|t č. 1-4
|w 2026-02-21
|y PREZ
|
| 952 |
|
|
|0 0
|1 0
|4 0
|7 0
|8 0
|a SNK
|b SNK
|d 2019-04-02
|i snk2019/9221
|l 0
|o snkČSB 7024/2007 D1
|p 17A1366270
|r 2026-02-21 21:58:50
|t č. 1-4
|w 2026-02-21
|y PREZ
|
| 952 |
|
|
|0 0
|1 0
|4 0
|7 0
|8 0
|a SNK
|b SNK
|d 2019-04-02
|i snk2019/9225
|l 0
|o snkČSB 7024/2008
|p 17A1366269
|r 2026-02-21 21:58:50
|t č. 1-9
|w 2026-02-21
|y PREZ
|
| 952 |
|
|
|0 0
|1 0
|4 0
|7 0
|8 0
|a SNK
|b SNK
|d 2019-04-02
|i snk2019/9226
|l 0
|o snkČSB 7024/2008 D1
|p 17A1366268
|r 2026-02-21 21:58:50
|t č. 1-9, neúplné
|w 2026-02-21
|y PREZ
|z Chýba č. 2
|